Statistics for Multi-Time World/Olympic Gymnastics Champions on Same Event

Click here to take the quiz!

General Stats

  • This quiz has been taken 11 times
  • The average score is 56 of 168

Answer Stats

Individual Event & Olympic/World Title YearsAnswer% Correct
Women's Floor Exercise - Olympics 2016, & Worlds 2013, 2014, 2015, 2018, 2019Simone Biles (United States of America)
100%
Women's Floor Exercise - Olympics 1988, & Worlds 1987, 1989Daniela Silivas (Romania)
83%
Women's Floor Exercise - Olympics 1984, & Worlds 1983Ekaterina Szabo (Romania)
83%
Women's Vault - Olympics 2000, & Worlds 1999, 2001Elena Zamolodchikova (Russia)
83%
Women's Vault - Olympics 2008, & Worlds 2014Hong Un-jong (North Korea)
83%
Women's Vault - Olympics 1992, & Worlds 1991Lavinia Milosovici (Romania)
83%
Women's Floor Exercise - Olympics 1976, 1980, & Worlds 1978Nellie Kim (Soviet Union)
83%
Women's Vault - Olympics 1976, & Worlds 1978Nellie Kim (Soviet Union)
83%
Women's Vault - Olympics 1996, & Worlds 1995, 1997Simona Amanar (Romania)
83%
Women's Vault - Olympics 2016, & Worlds 2018, 2019SImone Biles (United States of America)
83%
Women's Balance Beam - Worlds 2014, 2015, 2019Simone Biles (United States of America)
83%
Women's All-Around - Olympic 2016, & World 2013, 2014, 2015, 2017, 2019Simone Biles (United States of America)
83%
Women's Uneven Bars - Olympics 2012, 2016Aliya Mustafina (Russia)
67%
Women's Balance Beam - Olympics 1988, & Worlds 1985, 1989Daniela Silivas (Romania)
67%
Women's Uneven Bars - Olympics 1988, & Worlds 1987, 1989Daniela Silivas (Romania)
67%
Women's Vault - Olympics 1992, & Worlds 1992Henrietta Onodi (Hungary)
67%
Women's All-Around - Olympic 1996, World 1995Lilia Podkopayeva (Ukraine)
67%
Women's All-Around - Olympic 1972, & World 1970, 1974Ludmilla Tourischeva (Soviet Union)
67%
Women's Floor Exercise - Worlds 1970, 1974Ludmilla Tourischeva (Soviet Union)
67%
Women's Vault - Worlds 2015, 2017Maria Paseka (Russia)
67%
Women's Uneven Bars - Olympics 1980, 1984, & Worlds 1979Ma Yanhong (China)
67%
Women's Balance Beam - Olympics 1996, & Worlds 1994Shannon Miller (United States of America)
67%
Women's All-Around - World 1993, 1994Shannon Miller (United States of America)
67%
Women's Uneven Bars - Olympics 1996, 2000, & Worlds 1995, 1996, 1997, 1991, 2001Svetlana Khorkina (Russia)
67%
Women's All-Around - World 1999, 2001, 2003Svetlana Khorkina (Russia)
67%
Women's Vault - Olympic 1964, 1968, & Worlds 1962, 1966Vera Caslavska (Czechoslovakia)
67%
Women's All-Around - Olympic 1964, 1968, & World 1966Vera Caslavska (Czechoslovakia)
67%
Women's Vault - Worlds 1985, 1987Yelena Shushunova (Soviet Union)
67%
Women's Floor Exercise - Olympics 1952, 1956Agnes Keleti (Hungary)
50%
Women's Floor Exercise - Worlds 1999, 2001Andreea Raducan (Romania)
50%
Women's Vault - Worlds 2005, 2006, 2007Cheng Fei (China)
50%
Women's Balance Beam - Olympics 2012, & Worlds 2009Deng Linlin (China)
50%
Women's Vault - Worlds 1994, 1996Gina Gogean (Romania)
50%
Women's Floor Exercise - Worlds 1995, 1996, 1997Gina Gogean (Romania)
50%
Women's Uneven Bars - Olympics 2008, Worlds 2009He Kexin (China)
50%
Women's Uneven Bars - Olympics 1972, & Worlds 1970Karin Janz (East Germany)
50%
Women's All-Around - Olympic 1956, 1960, & World 1958, 1962Larisa Latynina (Soviet Union)
50%
Women's Vault - Olympic 1956, & World 1958Larisa Latynina (Soviet Union)
50%
Women's Floor Exercise - Olympics 1956, 1960, 1964, & Worlds 1962Larisa Latynina (Soviet Union)
50%
Women's Uneven Bars - Olympics 1980, 1984, & Worlds 1979, 1981, 1983Maxi Gnauck (East Germany)
50%
Women's Balance Beam - Olympics 1976, 1980, & Worlds 1978Nadia Comaneci (Romania)
50%
Women's Balance Beam - Worlds 2005, 2007Nastia Liukin (United States of America)
50%
Women's All-Around - Olympic 1988, & Worlds 1985Yelena Shushunova (Soviet Union)
50%
Women's Uneven Bars - Olympics 1956, & Worlds 1954Agnes Keleti (Hungary)
33%
Men's Parallel Bars - Olympics 1968, & Worlds 1970Akinori Nakayama (Japan)
33%
Men's Floor - Worlds 1966, 1970Akinori Nakayama (Japan)
33%
Men's Rings - Olympics 1968, 1972, & Worlds 1970Akinori Nakayama (Japan)
33%
Men's Rings - Olympics 1956, 1960, & Worlds 1954, 1958Albert Azaryan (Soviet Union)
33%
Men's All-Around - Olympics 1908, 1912Alberto Braglia (Italy)
33%
Men's All-Around - Olympics 1980, & Worlds 1979Alexander Dityatin (Soviet Union)
33%
Men's Rings - Olympics 1980, & Worlds 1979, 1981Alexander Dityatin (Soviet Union)
33%
Men's Vault - Olympics 1996, & Worlds 1995, 1996Alexei Nemov (Russia)
33%
Men's Floor - Worlds 1997, 1999Alexei Nemov (Russia)
33%
Men's Rings - Olympics 1936, & Worlds 1931, 1934, 1938Alois Hudec (Czechoslovakia)
33%
Women's Uneven Bars - Worlds 2006, 2010Beth Tweddle (United Kingdom)
33%
Men's Pommel Horse - Olympics 1956, 1960, & Worlds 1958Boris Shakhlin (Soviet Union)
33%
Men's All-Around - Olympics 1960, & Worlds 1958Boris Shakhlin (Soviet Union)
33%
Men's Rings - Olympics 1984, 1988, & Worlds 1983Dmitry Bilozerchev (Soviet Union)
33%
Men's Horizontal Bar - Olympics 1984, & Worlds 1983, 1987Dmitry Bilozerchev (Soviet Union)
33%
Men's All-Around - Olympics 1984, & Worlds 1983, 1987Dmitry Bilozerchev (Soviet Union)
33%
Men's Pommel Horse - Olympics 1984, 1988, & Worlds 1983, 1987Dmitry Bilozerchev (Soviet Union)
33%
Men's Vault - Olympics 1928, & Worlds 1934, 1938Eugen Mack (Switzerland)
33%
Women's Balance Beam - Olympics 1960, & Worlds 1962Eva Bosakova (Czechoslovakia)
33%
Men's Vault - Olympics 2000, 2004Gervasio Deferr (Spain)
33%
Men's Floor - Worlds 1989, 1991, 1992Igor Korobchinsky (Soviet Union)
33%
Men's All-Around - Worlds 1994, 1997Ivan Ivankov (Belarus)
33%
Men's Horizontal Bar - Worlds 1911, 1913Josef Cada (Austro-Hungary/Bohemia - later Czechoslovakia)
33%
Men's Rings - Olympics 1996, & Worlds 1993, 1994, 1995, 1996, 1997Jury Chechi (Italy)
33%
Men's All-Around - Olympics 2012, 2016, & Worlds 2009, 2010, 2011, 2013, 2014, 2015Kohei Uchimura (Japan)
33%
Men's Floor - Worlds 1978, 1979Kurt Thomas (United States of America)
33%
Men's Parallel Bars - Olympics 1928, & Worlds 1926Ladislav Vacha (Czechoslovakia)
33%
Men's Horizontal Bar - Olympics 1924, Worlds 1922, 1926Leon Stukelj (Yugoslavia)
33%
Men's Rings - Olympics 1928, & Worlds 1926Leon Stukelj (Yugoslavia)
33%
Men's All-Around - Olympics 1996, & Worlds 1995Li Xiaoshuang (China)
33%
Men's Floor - Olympics 1980, & Worlds 1981Li Yuejiu (China)
33%
Men's Rings - Worlds 1909, 1913Marco Torres (France)
33%
Men's All-Around - Worlds 1909, 1913Marco Torres (France)
33%
Men's Vault - Worlds 2001, 2005, 2006, 2009Marian Dragulescu (Romania)
33%
Men's Floor - Worlds 2001, 2003, 2006, 2009Marian Dragulescu (Romania)
33%
Men's Pommel Horse - Olympics 2000, & Worlds 1994, 2001, 2002Marius Urzica (Romania)
33%
Women's Vault - Worlds 2011, 2013McKayla Maroney (United States of America)
33%
Men's Pommel Horse - Olympics 1964, 1968, & Worlds 1962, 1966, 1970Miroslav Cerar (Yugoslavia)
33%
Women's Balance Beam - Olympics 1968, & Worlds 1966Natalia Kuchinskaya (Russia)
33%
Men's All-Around - Olympics 1976, & Worlds 1978Nikolai Andrianov (Soviet Union)
33%
Men's Vault - Olympics 1976, 1980Nikolai Andrianov (Soviet Union)
33%
Men's Floor - Olympics 1972, 1976Nikolai Andrianov (Soviet Union)
33%
Men's Rings - Olympics 1976, & Worlds 1974, 1978Nikolai Andrianov (Soviet Union)
33%
Women's Uneven Bars - Worlds 2018, 2019Nina Derwael (Belgium)
33%
Women's Balance Beam - Olympics 1984, & Worlds 1983Olga Mostepanova (Soviet Union)
33%
Men's All-Around - Olympics 2004, & Worlds 2003Paul Hamm (United States of America)
33%
Men's All-Around - Worlds 1922, 1926Peter Sumi (Yugoslavia)
33%
Women's Uneven Bars - Olympics 1960, 1964Polina Astakhova (Soviet Union)
33%
Men's Floor - Olympics 1980, 1984, & Worlds 1979Roland Bruckner (East Germany)
33%
Men's Parallel Bars - Olympics 1996, & Worlds 1996Rustam Sharipov (Ukraine)
33%
Men's All-Around - Olympics 1968, 1972Sawao Kato (Japan)
33%
Men's Parallel Bars - Olympics 1972, 1976Sawao Kato (Japan)
33%
Men's Floor - Worlds 1983, 1985Tong Fei (China)
33%
Men's Pommel Horse - Worlds 1985, 1989Valentin Mogilny (Soviet Union)
33%
Men's All-Around - Olympics 1952, 1956, & Worlds 1954Victor Chukarin (Soviet Union)
33%
Men's Parallel Bars - Olympics 1956, & Worlds 1954Viktor Chukarin (Soviet Union)
33%
Women's Uneven Bars - Worlds 2011, 2015Viktoria Komova (Russia)
33%
Men's Floor - Worlds 1994, 1995, 1996Vitaly Scherbo (Belarus)
33%
Men's Rings - Olympics 1992, & Worlds 1992Vitaly Scherbo (Soviet Union)
33%
Men's All-Around - Olympics 1992, & Worlds 1993Vitaly Scherbo (Soviet Union, Belarus)
33%
Men's Vault - Olympics 1992, & Worlds 1993, 1994Vitaly Scherbo (Soviet Union & Belarus)
33%
Men's Parallel Bars - Olympics 1992, Worlds 1993, 1995Vitaly Scherbo (Soviet Union & Belarus)
33%
Men's Parallel Bars - Olympics 1984, 1988, & Worlds 1983, 1987, 1989Vladimir Artemov (Soviet Union)
33%
Women's All-Around - World 1934, 1938Vlasta Dekanova (Czechoslovakia)
33%
Men's All-Around - Olympics 2008, & Worlds 2006, 2007Yang Wei (China)
33%
Men's All-Around - Worlds 1981, 1983Yuri Korolyov (Soviet Union)
33%
Men's Pommel Horse - Olympics 1976, 1980, & Worlds 1974, 1978, 1979Zoltan Magyar (Hungary)
33%
Men's Horizontal Bar - Olympics 1968, & Worlds 1966Akinori Nakayama (Japan)
17%
Men's Parallel Bars - Olympics 1984, Worlds 1979Bart Conner (United States of America)
17%
Men's Parallel Bars - Olympics 1960, & Worlds 1958Boris Shakhlin (Soviet Union)
17%
Men's Horizontal Bar - Olympics 1964, & Worlds 1958Boris Shakhlin (Soviet Union)
17%
Men's Rings - Olympics 2004, & Worlds 2003Dimosthenis Tampakos (Greece)
17%
Men's Parallel Bars - Worlds 1974, 1978Eizo Kenmotsu (Japan)
17%
Men's Rings - Olympics 2016, & Worlds 2015, 2017, 2018Eleftherios Petrounias (Greece)
17%
Men's Horizontal Bar - Olympics 2012, & Worlds 2013, 2014, 2018Epke Zonderland (Netherlands)
17%
Men's Horizontal Bar - Olympics 2016, & Worlds 2007Fabian Hambuchen (Germany)
17%
Men's Floor - Olympics 1936, & Worlds 1934Georges Miez (Switzerland)
17%
Men's Parallel Bars - Worlds 1911, 1913Giorgio Zampori (Italy)
17%
Men's Floor - Worlds 2013, 2015, 2017Kenzo Shirai (Japan)
17%
Men's Horizontal Bar - Worlds 1989, 1991Li Chunyang (China)
17%
Men's Pommel Horse - Olympics 1996, & Worlds 1995Li Donghua (Switzerland)
17%
Men's Rings - Olympics 1984, & Worlds 1985Li Ning (China)
17%
Men's Parallel Bars - Olympics 2000, 2004, & Worlds 2002, 2003Li Xiaopeng (China)
17%
Men's Vault - Worlds 1999, 2002, 2003Li Xiaopeng (China)
17%
Men's Pommel Horse - Olympics 2016, Worlds 2015, 2017, 2019Max Whitlock (United Kingdom)
17%
Men's Horizontal Bar - Olympics 1972, 1976Mitsuo Tsukahara (Japan)
17%
Men's Floor - Olympics 1960, & Worlds 1962Nobuyuki Aihara (Japan)
17%
Men's Parallel Bars - Olympics 2016, & Worlds 2014Oleg Vernyayev (Ukraine)
17%
Men's Vault - Olympics 1984, & Worlds 1985Sylvio Kroll (East Germany)
17%
Men's Rings - Olympics 2000, & Worlds 2002Szilveszter Csollany (Hungary)
17%
Men's Floor - Olympics 1956, & Worlds 1954Valentin Muratov (Soviet Union)
17%
Men's Pommel Horse - Olympics 1992, & Worlds 1992Vitaly Scherbo (Soviet Union)
17%
Men's Horizontal Bar - Worlds 2001, 2002Vlasios Maras (Greece)
17%
Men's Rings - Worlds 2001, 2003Yordan Yovchev (Bulgaria)
17%
Men's Rings - Worlds 1985, 1987Yuri Korolyov (Soviet Union)
17%
Men's Horizontal Bar - Olympics 1996, & Worlds 1995Andreas Wecker (Germany)
0%
Men's Rings - Olympics 2012, & Worlds 2013Arthur Zanetti (Brazil)
0%
Men's Rings - Olympics 2008, & Worlds 2006, 2007, 2010, 2011Chen Yibing (China)
0%
Men's Floor - 2005, 2007Diego Hypolito (Brazil)
0%
Women's Uneven Bars - Worlds 2015, 2017Fan Yilin (China)
0%
Men's Parallel Bars - Olympics 2012, & Worlds 2010Feng Zhe (China)
0%
Men's Pommel Horse - Worlds 1903, 1905Georges Dejagere (France)
0%
Men's Parallel Bars - Olympics 1952, & Worlds 1950Hans Eugster (Switzerland)
0%
Men's Horizontal Bar - Worlds 1996, 1999Jesus Carballo (Spain)
0%
Men's Rings - Olympics 1984, & Worlds 1983Koji Gushiken (Japan)
0%
Men's Pommel Horse - Olympics 2012, & Worlds 2010, 2011, 2014Krisztian Berki (Hungary)
0%
Men's Vault - Olympics 2008, & Worlds 2007Leszek Blanik (Poland)
0%
Men's Parallel Bars - Worlds 1989, 1991, 1992Li Jing (China)
0%
Men's Vault - Olympics 1984, 1988, & Worlds 1987Lou Yun (China)
0%
Men's Floor - Worlds 1954, & 1958Masao Takemoto (Japan)
0%
Men's Parallel Bars - Olympics 1948, & Worlds 1938Michael Reusch (Switzerland)
0%
Men's Parallel Bars - Worlds 2005, 2007Mitja Petkovsek (Slovenia)
0%
Men's Pommel Horse - Olympics 1992, & Worlds 1992, 1993, 1996Pae Gil-su (North Korea)
0%
Men's Vault - Olympics 2016, & Worlds 2014, 2015, 2018Ri Se-gwang (North Korea)
0%
Men's Horizontal Bar - Olympics 1956, 1960, & Worlds 1962Takashi Ono (Japan)
0%
Men's Pommel Horse - Olympics 2004, & Worlds 2003Teng Haibin (China)
0%
Men's Pommel Horse - Worlds 1991, 1997Valery Belenky (Soviet Union & Germany)
0%
Men's Pommel Horse - Olympics 2008, & Worlds 2005, 2006, 2007Xiao Qin (China)
0%
Men's Vault - Olympics 2012, & Worlds 2011, 2013Yang Hak-seon (South Korea)
0%
Men's Vault - Worlds 1991, 1992Yoo Ok-ryul (South Korea)
0%
Men's Parallel Bars - Worlds 2017, 2018Zou Jingyuan (China)
0%
Men's Floor - Olympics 2008, 2012Zou Kai (China)
0%
Men's Horizontal Bar - Olympics 2008, & Worlds 2009, 2011Zou Kai (China)
0%
Men's Pommel Horse - Olympics 1988, & Worlds 1987Zsolt Borkai (Hungary)
0%

Score Distribution

Percentile by Number Answered

Percent of People with Each Score

Your Score History

You have not taken this quiz